000 00739nam a2200193Ii 4500
003 JO-AjNU
008 230605s9999||||xx |||||||||||||| ||und||
040 _aJO-AjNU
_bara
_erda
_cJO-AjNU
041 _aara
050 1 4 _aBP173.753.G422
100 3 _aغانم، عبد الله,
_eauthor
_945869
245 0 0 _aالمشكلة الإقتصادية ونظرية الأجور والأسعار في الإسلام
264 3 1 _aالاسكندرية: المكتب الجامعي الحديث، د.ت
300 _a288ص
336 _atext
_btxt
_2rdacontent
337 _aunmediated
_bn
_2rdamedia
338 _avolume
_bnc
_2rdacarrier
650 4 _aالاقتصاد الاسلامي- الاسلام والاجور- فقه اسلامي
_945870
999 _aA19914
_c23482
_d23482